| 000 | 00341nam a22001337a 4500 | ||
|---|---|---|---|
| 003 | OSt | ||
| 005 | 20231127164325.0 | ||
| 008 | 231127b |||||||| |||| 00| 0 eng d | ||
| 040 | _cCO-JMCR | ||
| 082 |
_aDG / _bSCHo |
||
| 100 |
_aSchranwen Oliver _eautor _942947 |
||
| 245 |
_aGuy, retrato de un bebedor / _cOliver Schranwen |
||
| 942 |
_2ddc _cBK |
||
| 999 |
_c30344 _d16728 |
||